• 首页
  • 本馆介绍
  • 公告通知
  • 最新文献
  • 馆藏检索
  • 电子资源
  • 读者导购
  • 参考咨询
  • 我的图书馆
  • 登录
  • 详细信息显示
  • 放入我的书架
  • 预约/预借图书
  • 作者相关作品
  • 分类相关作品
  • 丛书相关作品
  • 出版社相关作品

书目信息

  • 表格格式
  • 工作单格式
  • 卡片格式
题名:
生物教学与学业评价
    
 
作者: 李娘辉 , 唐田 主编
分册:  
出版信息: 广州   广东教育出版社  2005
页数: 215页
开本: 23cm
丛书名: 高中新课程教师丛书
单 册:
中图分类: G633.912
科图分类:
主题词: 生物学--教学研究--高中 , 教学研究 , 生物学
电子资源:
ISBN: 7-5406-6138-0
000 00999oam2 2200289 450
001 003035258
005 20061028085306.71
010    @a7-5406-6138-0@dCNY25.00
100    @a20050416d2005 em y0chiy0110 ea
101 0  @achi
102    @aCN@b440000
105    @aa z 000yy
200 1  @a生物教学与学业评价@9sheng wu jiao xue yu xue ye ping jia@f李娘辉,唐田主编
210    @a广州@c广东教育出版社@d2005
215    @a215页@c图@d23cm
225 2  @a高中新课程教师丛书@f高凌飚,陈冀平主编@h第2辑
330    @a本书探讨了高中生物新课程中的教学问题和高中生物新课程中的学生评价问题。
410  0 @12001 @a高中新课程教师丛书@1701 0@a高凌飚@Agao ling biao@4主编@1701 0@a陈冀平@Achen ji ping@4主编
461  0 @12001 @a高中新课程教师丛书
606 0  @a生物学@x教学研究@x高中
606 0  @a教学研究
606 0  @a生物学
690    @aG633.912@v3
701  0 @a李娘辉@9li niang hui@4主编
701  0 @a唐田@9tang tian@c(女,@f1975~)@4主编
801  0 @aCN@bNLC@c20061028
905    @a10447@dG633.912@e110
    
    生物教学与学业评价/李娘辉,唐田主编.-广州:广东教育出版社,2005
    215页:图;23cm.-(高中新课程教师丛书/高凌飚,陈冀平主编.第2辑)
    
    
    ISBN 7-5406-6138-0:CNY25.00
    本书探讨了高中生物新课程中的教学问题和高中生物新课程中的学生评价问题。
●
相关链接 在E读中查询图书 在五车中查询图书 在当当中查询图书 在豆瓣中查询图书


正题名:生物教学与学业评价     索取号:G633.912/110         预约/预借

序号 登录号 条形码 馆藏地/架位号 状态 备注
1 0388631   203886312   第一样本阅览室/ [索取号:G633.912/110] 在馆    
2 0388632   203886321   第四借阅区/ [索取号:G633.912/110] 在馆    
3 0388633   203886330   第四借阅区/ [索取号:G633.912/110] 在馆    
4 0388634   203886349   第四借阅区/ [索取号:G633.912/110] 在馆    
5 0388635   203886358   第四借阅区/ [索取号:G633.912/110] 在馆    
唐山师范学院图书馆 欢迎您!
大连网信软件有限公司© 版权所有